| 000 | 01347nam a22003737a 4500 | ||
|---|---|---|---|
| 999 |
_c16232 _d16232 |
||
| 001 | 3049384 | ||
| 003 | OSt | ||
| 005 | 20201214144749.0 | ||
| 007 | hduafb---bacp | ||
| 007 | hdubfb---baap | ||
| 008 | 960418s1951 ii a a 000 0ahin | ||
| 010 | _a 95909267 | ||
| 020 | _a9788173091735 | ||
| 025 | _aNBIL-21647 | ||
| 040 |
_aDLC _coclc |
||
| 042 | _alcode | ||
| 043 | _aa-ii--- | ||
| 082 |
_a954 _bGAN/G |
||
| 100 |
_aGandhi, M K _cMahatma, _d1869-1948 _93322 |
||
| 245 | 1 | 0 |
_aGandhi Sahitye Mere samakālīn / _c M K Gandhi |
| 260 |
_aNew delhi: _bSastā Sāhitya Maṇḍala, _c2006. |
||
| 300 | _a464p | ||
| 440 | 0 |
_aGāndhī sāhitya ; _v7 |
|
| 520 | _aReminiscences of Mahatma Gandhi, 1869-1948, about his political contemporaries. | ||
| 533 |
_bNew Delhi : _cLibrary of Congress Office ; _bChicago : _cAvailable from Center for Research Libraries, _d1995. _f(SAMP early 20th-century Indian books project ; item 21647). |
||
| 546 | _aIn Hindi. | ||
| 600 | 1 | 0 |
_aGandhi, _cMahatma, _d1869-1948. |
| 650 | 0 |
_aStatesmen _zIndia _xBiography. |
|
| 651 | 0 |
_aIndia _xPolitics and government _y1919-1947. |
|
| 830 | 0 |
_aSAMP early 20th-century Indian books project ; _vitem 21647. |
|
| 906 |
_a7 _bcbc _corigode _d5 _encip _f19 _gy-genmicro |
||
| 942 |
_2ddc _cBK _h954 _iGAN/G _k954 _mGAN/G |
||